|
|
|
|
| LEADER |
00000Cam#a22000005a#4500 |
| 001 |
026414 |
| 005 |
20160721162007.0 |
| 008 |
140609s2006||||sp a |#||||#000|0#spa#d |
| 020 |
|
|
|a 0946592233
|
| 040 |
|
|
|a AR-BeUNQ
|
| 082 |
0 |
4 |
|a 304.28
|2 21
|
| 100 |
1 |
|
|a Ginzburg, Oren.
|
| 245 |
0 |
2 |
|a Allá vamos, otra vez /
|c de Oren Ginzburg.
|
| 260 |
|
|
|a Madrid :
|b Survival,
|c 2006.
|
| 300 |
|
|
|a [46] p. :
|b il. ;
|c 17 cm.
|
| 650 |
|
7 |
|a Medio ambiente
|2 toit
|
| 650 |
|
7 |
|a Degradación del medio ambiente
|2 spines
|
| 650 |
|
7 |
|a Pueblos indígenas
|2 toit
|
| 650 |
|
7 |
|a Efectos negativos
|2 spines
|
| 653 |
|
|
|a Desarrollo sostenible
|
| 929 |
|
|
|a DONACION
|b Survival
|d 0
|e 20110505
|f PAT0038218
|g 1813
|j 51563
|
| 942 |
|
|
|c LIB
|n 0
|
| 999 |
|
|
|c 24315
|d 99702
|